00775nab a2200217 uc450000100070000000500170000700800410002403500110006503500210007604000130009704100080011010000390011824500910015765000380024865000210028665000370030765000290034477301550037394200100052899900190053858894920240306090208.0000410e19990701 spa  a588949 a(OCoLC)819827085 ccomduadb aspa10aChaves Q., Flory4auteaut930407813aEl ser como idea y la existencia de Dios en el pensamiento de Michele Federico Sciacca aSciacca, Michele Federico9175444 7aDios2lemb91818 aIntuición (Filosofía)949741 aSer (Filosofía)9496140 tRevista de Filosofía de la Universidad de Costa Rica (San José)gVolumen 37, Número 092, Julio-Diciembre 1999, p. 193-202w9611x0034-825203925 cARIMP c143994d143994